| 000 | 00577nam a22002177a 4500 | ||
|---|---|---|---|
| 003 | OSt | ||
| 005 | 20210416111446.0 | ||
| 008 | 210305s1991 ||||| |||| 00| 0 eng d | ||
| 020 | _a0060973722 | ||
| 040 |
_aeng _beng _cDLC |
||
| 041 | _aeng | ||
| 080 |
_a94 _bW-69 |
||
| 100 |
_91258 _aWill, F. George |
||
| 245 |
_aMen at Work / The Craft of Baseball _c/ by: Harper Collins Publishers |
||
| 260 |
_aNew York _bHarper Collins Publishers _c1991 |
||
| 300 |
_a353 p. _bill. |
||
| 365 | _b13 usd | ||
| 650 | 0 |
_9252 _aHistory |
|
| 653 | _aისტორია | ||
| 942 |
_2udc _cBK |
||
| 999 |
_c1980 _d1980 |
||